| 000 | 00739nam a2200241Ia 4500 | ||
|---|---|---|---|
| 003 | IIN | ||
| 005 | 20250505105134.0 | ||
| 008 | 250505s2024 xx ad 001 0 eng d | ||
| 020 |
_cRs.2795.00 _a9789356969759 |
||
| 040 |
_aIIN _bEnglish |
||
| 082 |
_a610.73677 _bWIL |
||
| 100 | 1 | _aWilliams, Linda S. | |
| 245 | 1 |
_aUnderstanding Medical Surgical Nursing/ _cLinda S. Williams & Paula D. Hopper; edited by Jennifer Otmanowski and Lazette V. Nowicki |
|
| 250 | _a7th ed | ||
| 260 |
_aNew Delhi _bJaypee _c2024 |
||
| 300 |
_axvii,1260p. _bcol. ill. |
||
| 500 | _aIncludes Index | ||
| 650 | 1 |
_aMedical Surgical _vNursing |
|
| 700 | 1 | _aHopper, Paula D. | |
| 700 | 1 | _aOtmanowski, Jennifer | |
| 700 | 1 | _aNowicki, Lazette V. | |
| 942 | _cBOOK | ||
| 999 |
_c1792 _d1792 |
||